Hiến pháp nước Cộng hoà xã hội chủ nghĩa Việt Nam Hiến pháp nước Cộng hoà xã hội chủ nghĩa Việt Nam T. 2
Bình luận về những vấn đề trong quá trình đổi mới và lịch sử lập hiến của Việt Nam về cơ cấu bộ máy Nhà nước, toà án nhân dân và viện kiểm sát, hiệu lực pháp lý của hiến pháp mới năm 1980
Đã lưu trong:
| Tác giả của công ty: | |
|---|---|
| Tác giả khác: | |
| Định dạng: | Sách |
| Ngôn ngữ: | Vietnamese |
| Được phát hành: |
H.
Khoa học xã hội
1985
|
| Những chủ đề: | |
| Các nhãn: |
Thêm thẻ
Không có thẻ, Là người đầu tiên thẻ bản ghi này!
|
| Thư viện lưu trữ: | Mạng thư viện Đại học Đà Nẵng |
|---|
| LEADER | 01658nam a2200373 4500 | ||
|---|---|---|---|
| 001 | 000007397 | ||
| 003 | 3558 | ||
| 005 | 20111003091037.0 | ||
| 008 | 111003s1985 viesd | ||
| 020 | |c 10000đ | ||
| 041 | 0 | |a vie | |
| 082 | |a 342.597 |b Viê | ||
| 110 | |a Viện Luật Học | ||
| 245 | 1 | 0 | |a Hiến pháp nước Cộng hoà xã hội chủ nghĩa Việt Nam |b Hiến pháp nước Cộng hoà xã hội chủ nghĩa Việt Nam |c Viện Luật Học ; Nguyễn Ngọc Minh ch.b |n T. 2 |
| 260 | |a H. |b Khoa học xã hội |c 1985 | ||
| 300 | |a 462 tr |c 24 cm | ||
| 500 | |a ĐTTS ghi: Uỷ bản khoa học xã hội Việt Nam. Viện luật học | ||
| 520 | |a Bình luận về những vấn đề trong quá trình đổi mới và lịch sử lập hiến của Việt Nam về cơ cấu bộ máy Nhà nước, toà án nhân dân và viện kiểm sát, hiệu lực pháp lý của hiến pháp mới năm 1980 | ||
| 653 | |a Hiến pháp | ||
| 653 | |a Việt Nam | ||
| 653 | |a bình luận | ||
| 700 | |a Nguyễn Ngọc Minh | ||
| 773 | |t Hiến pháp nước Cộng hoà xã hội chủ nghĩa Việt Nam |w 3557 | ||
| 910 | |a Nguyễn Thị Kim Oanh |d 03/10/2011 | ||
| OWN | |a LSP | ||
| AVA | |a UDN50 |b LSP |d 342.597 Viê |e unavailable |t Error 5002 Not defined in file expand_doc_bib_avail. |f 1 |g 1 |h N |i 0 |k 1 | ||
| 999 | |a From the UDN01 | ||
| AVA | |a UDN50 |b LSP |d 342.597 Viê |e unavailable |t Error 5002 Not defined in file expand_doc_bib_avail. |f 1 |g 1 |h N |i 0 |k 1 | ||
| TYP | |a Monograph | ||
| TYP | |a Printed language | ||
| 980 | |a Mạng thư viện Đại học Đà Nẵng | ||